| 000 | 01038cam a2200313 a 4500 | ||
|---|---|---|---|
| 001 | 000018309 | ||
| 005 | 20200929165441.0 | ||
| 008 | 930803s1993 sp b 000 p spa d | ||
| 020 | _a8429736212 | ||
| 035 | _a(DLC) 94182509 | ||
| 035 | _a(OCoLC)29619195 | ||
| 040 |
_aDO-SdBNP _cMdBJ _dGEU _dDLC |
||
| 042 | _alccopycat | ||
| 082 |
_a861.64 _bC578c |
||
| 100 | 1 |
_aCirlot, Juan Eduardo, _d1916-1973 _939652 |
|
| 245 | 1 | 0 |
_a44 sonetos de amor / _cJuan Eduardo Cirlot ; edición de Victoria Cirlot. |
| 260 |
_aBarcelona : _bPenínsula, _c1993. |
||
| 300 |
_a110 p. ; _c21 cm. |
||
| 490 | 1 |
_aPoética _v26 |
|
| 504 | _aIncluye referencias bibliográficas al pie de las páginas. | ||
| 650 | 4 |
_aPoesia espanola _ySIGLO XX _xColecciones _939653 |
|
| 650 | 4 |
_aSonetos españoles _939654 |
|
| 650 | 4 |
_aLiteratura española _ySIGLO XX _93326 |
|
| 700 | 1 |
_aCirlot, Victoria. _eed. _939655 |
|
| 740 | 0 | _aCuarenta y cuatro sonetos de amor. | |
| 830 | 0 |
_aPoética ; _v26 _925279 |
|
| 910 | _aCatalogación por derivada / LC | ||
| 049 | _aBNGR | ||
| 999 |
_c17830 _d17830 |
||